000 00842nam a22002657i 4500
003 URS
005 20251001091327.0
005 20220303023820.0
008 221227b |||||||| |||| 00| 0 eng d
020 _a9786214510139
040 _beng
_cNQCI Library
_dURS
_erda
050 1 4 _aLB 1576 T22 2021
100 1 _aBacus, Remedios C.
245 1 0 _aThe teaching and assessment of grammar /
_cRemedios C. Bacus, Rivika C. Alda, Lelani C. Dapat, Filomena T. Dayagbil.
264 1 _aQuezon City :
_bLorimar Publishing ,
_c[2021].
264 1 _c©2021
336 _2rdacontent
_atext
337 _2rdamedia
_aunmediated
338 _2rdacarrier
_avolume
650 0 _xGrammar
_xStudy and teaching
700 1 _aAlda, Rivika C.
_eauthor
700 1 _aDapat, Lelani C.
_eauthor
700 1 _aDayagbil, Filomena T.
_eauthor
942 _2lcc
_cF
999 _c69061
_d69061